000 00718nam a2200253Ia 4500
003 OSt
005 20220927110354.0
006 a|||||r|||| 00| 0
007 ta
008 220926b |||||||| |||| 00| 0 eng d
024 _a63952
037 _cReports
040 _aRTL
_cRTL
_beng
041 _2eng
_aeng
082 _a"X413.236rN76, L7/GD"
110 _a"Gujrat, Motor Vehicles (Deptt.)"
_9376989
245 0 _aAnnual administration report.
260 _aBaroda
_bGovernment Press
_c1977
300 _a87p.
_ccm.
650 _aRoad Transport Economics
700 _a"Gujrat, Motor Vehicles (Deptt.)"
_9376990
942 _h"X413.236rN76, L7/GD"
_cCC
999 _c695966
_d695966